[Event "35th USA-Ch"]
[Site "Long Beach USA"]
[Date "1989.??.??"]
[Round "14"]
[White "Gulko, Boris"]
[Black "Rachels, Stuart"]
[Result "1/2-1/2"]
[WhiteElo "2610"]
[BlackElo "2385"]
[EventDate "1989.11.??"]
[PlyCount "59"]

1.c4 e5 2.g3 Nf6 3.Bg2 d5 4.cxd5 Nxd5 5.Nf3 Nc6 6.O-O Nb6 7.d3 Be7 8.a3 a5
9.Nc3 O-O 10.Be3 Bg4 11.Rc1 Re8 12.Na4 Nd5 13.Bc5 Bf6 14.Qb3 Rb8 15.Nc3 
Be6 16.Qb5 Qd7 17.Ne4 Red8 18.Rfd1 Bh3 19.Be3 Bxg2 20.Kxg2 Be7 21.Bd2 Qe6 
22.Bxa5 f5 23.Nc3 g5 24.e3 g4 25.Ne1 Bg5 26.Nc2 f4 27.Ne4 Qh6 28.Bd2 fxe3 
29.fxe3 Nxe3+ 30.Nxe3 1/2-1/2

[Event "35th USA-Ch"]
[Site "Long Beach USA"]
[Date "1989.??.??"]
[Round "14"]
[White "Ivanov, Igor"]
[Black "Fedorowicz, John"]
[Result "0-1"]
[WhiteElo "2505"]
[BlackElo "2560"]
[EventDate "1989.11.??"]
[PlyCount "130"]

1.Nf3 Nf6 2.c4 g6 3.Nc3 Bg7 4.e4 d6 5.d4 O-O 6.Be2 e5 7.d5 a5 8.a3 Bd7 9.
Be3 Ng4 10.Bg5 f6 11.Bh4 Na6 12.O-O Qe8 13.Nd2 Nh6 14.f3 Nf7 15.Kh1 f5 16.
b3 Bh6 17.exf5 gxf5 18.Bd3 Nh8 19.Re1 Ng6 20.Bf2 Kh8 21.g3 Qf7 22.Rb1 Bg7 
23.Qc2 Qf6 24.Bf1 e4 25.Nb5 c6 26.Bd4 Ne5 27.dxc6 Bxc6 28.f4 e3+ 29.Bg2 
exd2 30.Re2 Rae8 31.Qxd2 Qg6 32.Rbe1 Bxg2+ 33.Kxg2 Nc6 34.Rxe8 Rxe8 35.
Rxe8+ Qxe8 36.Nxd6 Qe6 37.Bf2 h6 38.Qd3 Ne7 39.Nxb7 a4 40.Nd8 Qe4+ 41.Qxe4
fxe4 42.bxa4 Nf5 43.Ne6 Bc3 44.c5 Ne7 45.g4 Kg8 46.f5 Bd2 47.Bg3 Kf7 48.
Bd6 Nc6 49.h4 Kf6 50.Kf2 h5 51.gxh5 Kxf5 52.Ke2 Bc1 53.Ng5 Nd4+ 54.Ke1 Bb2
55.h6 e3 56.h7 e2 57.Kd2 Bc3+ 58.Kxc3 e1=Q+ 59.Kxd4 Qxh4+ 60.Kd3 Qh1 61.
Be5 Qd1+ 62.Ke3 Qe1+ 63.Kf3 Qxe5 64.Nf7 Qe4+ 65.Kg3 Qg4+ 0-1

[Event "35th USA-Ch"]
[Site "Long Beach USA"]
[Date "1989.??.??"]
[Round "14"]
[White "Miles, Anthony Jonathan"]
[Black "Benjamin, Joel"]
[Result "1-0"]
[WhiteElo "2580"]
[BlackElo "2530"]
[EventDate "1989.11.??"]
[PlyCount "95"]

1.d4 Nf6 2.c4 e6 3.Nc3 Bb4 4.Qc2 Nc6 5.Nf3 d6 6.Bg5 h6 7.Bd2 Qe7 8.a3 Bxc3
9.Bxc3 O-O 10.e3 e5 11.d5 Nb8 12.Nd2 Nbd7 13.Be2 e4 14.O-O Kh8 15.Bd4 Ne5 
16.Bd1 Bd7 17.Qc3 Bf5 18.Bc2 Bg6 19.Bxe5 dxe5 20.Qb4 Qd6 21.f3 exf3 22.
Bxg6 fxg6 23.Rxf3 a5 24.Qxd6 cxd6 25.Raf1 Kg8 26.a4 Rac8 27.h4 Rcd8 28.b3 
b6 29.R1f2 Ng4 30.Rf1 Rxf3 31.Rxf3 Nf6 32.Kf1 Nd7 33.Ke2 Nc5 34.Kd1 Nd3 
35.Rf1 Rd7 36.Kc2 Nc5 37.Kc3 Na6 38.g4 Rd8 39.g5 h5 40.Rf3 Rf8 41.Rxf8+ 
Kxf8 42.c5 bxc5 43.Nc4 Ke7 44.Nxa5 Nc7 45.Kc4 Kd7 46.Nc6 Na6 47.e4 Nc7 48.
a5 1-0

[Event "35th USA-Ch"]
[Site "Long Beach USA"]
[Date "1989.??.??"]
[Round "14"]
[White "Seirawan, Yasser"]
[Black "Kudrin, Sergey"]
[Result "1-0"]
[WhiteElo "2585"]
[BlackElo "2570"]
[EventDate "1989.11.??"]
[PlyCount "121"]

1.d4 Nf6 2.c4 g6 3.Nc3 d5 4.cxd5 Nxd5 5.e4 Nxc3 6.bxc3 Bg7 7.Bc4 c5 8.Ne2 
O-O 9.O-O Nc6 10.Be3 Bg4 11.f3 Na5 12.Bxf7+ Rxf7 13.fxg4 Rxf1+ 14.Kxf1 
cxd4 15.cxd4 Qc8 16.g5 Qc4 17.Kg1 Rd8 18.Qe1 Nc6 19.e5 e6 20.Qf2 Nb4 21.
Nf4 Rc8 22.Rf1 Nd3 23.Nxd3 Qxd3 24.Qf7+ Kh8 25.Bf2 Qa6 26.a4 Qc6 27.a5 Rc7
28.Qf3 Qb5 29.Qa3 Kg8 30.Qa2 Qc4 31.Qxc4 Rxc4 32.Rb1 Bf8 33.Kf1 Bb4 34.Ke2
Bxa5 35.Rxb7 Rc2+ 36.Kf3 Rc7 37.Rb8+ Kf7 38.Be3 Bb6 39.h4 Re7 40.Rh8 Kg7 
41.Rc8 Kf7 42.Ke4 Re8 43.Rc2 Rd8 44.g4 Ke7 45.h5 a5 46.Rc6 Rb8 47.Bc1 Kf7 
48.Rd6 Rb7 49.Ba3 a4 50.d5 exd5+ 51.Kxd5 Rb8 52.Rf6+ Kg8 53.e6 Rd8+ 54.Bd6
Bc7 55.e7 Rxd6+ 56.Rxd6 Kf7 57.hxg6+ hxg6 58.Rxg6 Kxe7 59.Rg7+ Kd8 60.g6 
a3 61.Rf7 1-0

[Event "35th USA-Ch"]
[Site "Long Beach USA"]
[Date "1989.??.??"]
[Round "15"]
[White "Alburt, Lev"]
[Black "Browne, Walter Shawn"]
[Result "1/2-1/2"]
[WhiteElo "2530"]
[BlackElo "2555"]
[EventDate "1989.11.??"]
[PlyCount "20"]

1.d4 Nf6 2.c4 e6 3.g3 d5 4.Bg2 Be7 5.Nf3 O-O 6.O-O dxc4 7.Qc2 a6 8.Qxc4 b5
9.Qc2 Bb7 10.Bd2 Be4 1/2-1/2

[Event "35th USA-Ch"]
[Site "Long Beach USA"]
[Date "1989.??.??"]
[Round "15"]
[White "Benjamin, Joel"]
[Black "Ivanov, Igor"]
[Result "1-0"]
[WhiteElo "2530"]
[BlackElo "2505"]
[EventDate "1989.11.??"]
[PlyCount "47"]

1.e4 e5 2.Nf3 Nc6 3.Bb5 a6 4.Ba4 Nf6 5.O-O Be7 6.Re1 b5 7.Bb3 d6 8.c3 O-O 
9.h3 a5 10.d4 a4 11.Bc2 Bd7 12.Nbd2 Re8 13.Nf1 Bf8 14.Ng3 h6 15.Nh2 Na5 
16.f4 c5 17.dxe5 dxe5 18.fxe5 Rxe5 19.Bf4 Nc6 20.Nf3 Qc7 21.Nxe5 Nxe5 22.
Rf1 Re8 23.Bxh6 c4 24.Bf4 1-0

[Event "35th USA-Ch"]
[Site "Long Beach USA"]
[Date "1989.??.??"]
[Round "15"]
[White "Dzindzichashvili, Roman"]
[Black "Ivanov, Alexander"]
[Result "1/2-1/2"]
[WhiteElo "2545"]
[BlackElo "2460"]
[EventDate "1989.11.??"]
[PlyCount "61"]

1.Nf3 Nf6 2.g3 b5 3.c3 Bb7 4.a4 b4 5.Bg2 e5 6.d3 Na6 7.O-O d6 8.a5 Rb8 9.
Be3 c5 10.Bg5 Be7 11.Bxf6 Bxf6 12.Nbd2 O-O 13.e4 g6 14.Nc4 d5 15.exd5 Bxd5
16.Qe2 bxc3 17.bxc3 Bxc4 18.dxc4 e4 19.Qxe4 Bxc3 20.Rad1 Qxa5 21.Rd7 Nc7 
22.Ng5 Bf6 23.Nxh7 Kxh7 24.Qf4 Qb6 25.Rxc7 Kg7 26.h4 Rfc8 27.Rd7 Rd8 28.
Rfd1 Qe6 29.Qc7 Rxd7 30.Rxd7 Rb2 31.Qc6 1/2-1/2

[Event "35th USA-Ch"]
[Site "Long Beach USA"]
[Date "1989.??.??"]
[Round "15"]
[White "Fedorowicz, John"]
[Black "Gulko, Boris"]
[Result "1/2-1/2"]
[WhiteElo "2560"]
[BlackElo "2610"]
[EventDate "1989.11.??"]
[PlyCount "137"]

1.e4 e5 2.Nf3 Nc6 3.Bb5 Bc5 4.O-O Nf6 5.Nxe5 Nxe5 6.d4 a6 7.Ba4 Nxe4 8.Qe2
Be7 9.Qxe4 Ng6 10.c4 O-O 11.Nc3 c6 12.Bc2 d6 13.Qd3 f5 14.f4 Bf6 15.Kh1 
Bd7 16.a4 a5 17.Be3 Re8 18.Bg1 Nf8 19.Rab1 g6 20.b4 axb4 21.Rxb4 Bc8 22.d5
Qe7 23.dxc6 bxc6 24.Rb6 Bd7 25.Rd1 Rad8 26.Na2 Qe2 27.Nb4 Qxd3 28.Bxd3 Rb8
29.a5 Ne6 30.g3 Bc3 31.Rb1 Rxb6 32.Bxb6 Ra8 33.Kg2 Nc5 34.Be2 Ne4 35.Rb3 
Kf7 36.Bf3 Bd2 37.Nc2 Be6 38.Be2 d5 39.cxd5 Bxd5 40.Ra3 Bc1 41.Rd3 Nd2+ 
42.Kf2 Be4 43.Rd7+ Ke6 44.Rc7 Bd5 45.Rxh7 c5 46.Bb5 Ne4+ 47.Kg1 Bd2 48.Ra7
Rxa7 49.Bxa7 Bxa5 50.Be8 Kf6 51.Bb8 Bc3 52.Ne3 Be6 53.Kg2 Nd2 54.Bc6 Nc4 
55.Nxc4 Bxc4 56.Ba7 Bd4 57.Kf3 Ke6 58.Be8 Bd5+ 59.Ke2 Kf6 60.h4 Bf7 61.Bc6
Ke7 62.Bf3 Kd6 63.Bb8+ Kd7 64.g4 Bc4+ 65.Kd2 fxg4 66.Bxg4+ Be6 67.Be2 c4 
68.Be5 c3+ 69.Kc1 1/2-1/2

[Event "35th USA-Ch"]
[Site "Long Beach USA"]
[Date "1989.??.??"]
[Round "15"]
[White "Gurevich, Dmitry"]
[Black "De Firmian, Nick"]
[Result "0-1"]
[WhiteElo "2490"]
[BlackElo "2595"]
[EventDate "1989.11.??"]
[PlyCount "120"]

1.d4 Nf6 2.c4 c5 3.Nf3 cxd4 4.Nxd4 Nc6 5.Nc3 e6 6.g3 Qb6 7.Nb3 Bb4 8.Bg2 
Qa6 9.c5 b6 10.cxb6 axb6 11.Bg5 Bb7 12.O-O d5 13.Nd4 Nxd4 14.Qxd4 Be7 15.
a4 Rc8 16.e4 Rc4 17.Qd2 dxe4 18.Rfe1 Qa5 19.Bf1 Rc8 20.Bb5+ Bc6 21.Bxf6 
Bxf6 22.Qd6 Qa8 23.a5 bxa5 24.Rxa5 Qb7 25.Bxc6+ Qxc6 26.Qxc6+ Rxc6 27.Ra8+
Bd8 28.Rd1 Ke7 29.Nxe4 Re8 30.Ra7+ Bc7 31.Rb7 Rb8 32.Rxb8 Bxb8 33.Rd2 Be5 
34.f4 Rc4 35.Nf2 Bd4 36.Kf1 Be3 37.Re2 Bb6 38.Nd3 f6 39.Ke1 Bd4 40.Kd1 Bb6
41.Ne1 h6 42.h4 h5 43.Kd2 Kd6 44.Nc2 e5 45.Kd3 Kd5 46.b3 e4+ 47.Kd2 Rc7 
48.Nb4+ Ke6 49.Rxe4+ Kf5 50.Rc4 Rxc4 51.bxc4 Ba5 52.Kc3 Kg4 53.c5 Kxg3 54.
c6 Kxh4 55.Kc4 Kg3 56.Na6 h4 57.Kb5 Bd8 58.Nc5 Bc7 59.Ne6 Bb8 60.Kb6 h3 
0-1

[Event "35th USA-Ch"]
[Site "Long Beach USA"]
[Date "1989.??.??"]
[Round "15"]
[White "Kudrin, Sergey"]
[Black "Miles, Anthony Jonathan"]
[Result "0-1"]
[WhiteElo "2570"]
[BlackElo "2580"]
[EventDate "1989.11.??"]
[PlyCount "88"]

1.e4 Nc6 2.d4 e5 3.dxe5 Nxe5 4.Nf3 Bb4+ 5.c3 Bd6 6.Nbd2 Nxf3+ 7.Nxf3 Ne7 
8.e5 Bc5 9.b4 Bb6 10.Bf4 O-O 11.Bc4 Ng6 12.Bg3 d6 13.exd6 Re8+ 14.Be2 Qf6 
15.O-O cxd6 16.Bb5 Rd8 17.Qd2 Bg4 18.Nd4 Rac8 19.Rac1 Ne5 20.Rfe1 Rc7 21.
Bf1 a6 22.Re4 Qg6 23.Rce1 f6 24.Kh1 Rdc8 25.R4e3 Bd7 26.a4 h5 27.f4 Ng4 
28.Re7 h4 29.Bxh4 Qh5 30.Bg3 Rxc3 31.Rxd7 Rxg3 32.h3 Qd5 33.Nf3 Qxf3 34.
Bc4+ Rxc4 35.gxf3 Rxh3+ 36.Kg2 Rh2+ 37.Kg3 Rxd2 38.Ree7 Nh6 39.Rxg7+ Kf8 
40.Rh7 Rcc2 41.Rh8+ Ng8 42.Kg4 Rg2+ 43.Kf5 Rg7 44.Rxd6 Rc6 0-1

[Event "35th USA-Ch"]
[Site "Long Beach USA"]
[Date "1989.??.??"]
[Round "15"]
[White "Rachels, Stuart"]
[Black "Rohde, Michael"]
[Result "1/2-1/2"]
[WhiteElo "2385"]
[BlackElo "2550"]
[EventDate "1989.11.??"]
[PlyCount "22"]

1.Nf3 Nf6 2.c4 e6 3.g3 d5 4.d4 Be7 5.Bg2 O-O 6.O-O dxc4 7.Qc2 a6 8.Qxc4 b5
9.Qc2 Bb7 10.Bg5 Nbd7 11.Nbd2 Rc8 1/2-1/2

[Event "35th USA-Ch"]
[Site "Long Beach USA"]
[Date "1989.??.??"]
[Round "15"]
[White "Seirawan, Yasser"]
[Black "Dlugy, Maxim"]
[Result "1-0"]
[WhiteElo "2585"]
[BlackElo "2530"]
[EventDate "1989.11.??"]
[PlyCount "79"]

1.c4 c5 2.g3 g6 3.Bg2 Bg7 4.Nc3 Nc6 5.a3 b6 6.Nf3 Bb7 7.O-O Nf6 8.Rb1 O-O 
9.b4 Nd4 10.bxc5 Bxf3 11.exf3 bxc5 12.Qa4 Qc7 13.d3 Rab8 14.Be3 Rb6 15.Nb5
Nxb5 16.Rxb5 Rxb5 17.Qxb5 d6 18.Rb1 Nd7 19.Qb7 Rc8 20.Qxc7 Rxc7 21.Bd2 Nb6
22.a4 e6 23.a5 Nd7 24.f4 a6 25.Bb7 Nb8 26.Rb6 Bf8 27.Bxa6 Nxa6 28.Rxa6 Rb7
29.Rb6 Ra7 30.a6 Ra8 31.Kf1 d5 32.Ke2 Bg7 33.Be3 d4 34.Bc1 Bf8 35.Kd1 Kg7 
36.g4 Kf6 37.f3 Ke7 38.Rb7+ Kd6 39.a7 Be7 40.Ba3 1-0